Fresh ideas in letterhead & business card design / (Record no. 26652)

000 -LEADER
fixed length control field 01163cam a2200289 a 4500
001 - CONTROL NUMBER
control field 2978151
005 - DATE AND TIME OF LATEST TRANSACTION
control field 20170206090820.0
008 - FIXED-LENGTH DATA ELEMENTS--GENERAL INFORMATION
fixed length control field 920803s1993 ohua 001 0 eng
010 ## - LIBRARY OF CONGRESS CONTROL NUMBER
LC control number 92029637
020 ## - INTERNATIONAL STANDARD BOOK NUMBER
International Standard Book Number 0891345051 :
Terms of availability $29.95 (£17.95)
050 00 - LIBRARY OF CONGRESS CALL NUMBER
Classification number NC1002.L47F74 1993
245 00 - TITLE STATEMENT
Title Fresh ideas in letterhead & business card design /
Statement of responsibility, etc. [compiled] by Diana Martin & Mary Cropper.
260 ## - PUBLICATION, DISTRIBUTION, ETC. (IMPRINT)
Place of publication, distribution, etc. Cincinnati, Ohio :
Name of publisher, distributor, etc. North Light,
Date of publication, distribution, etc. c1993.
300 ## - PHYSICAL DESCRIPTION
Extent 136 p. :
Other physical details ill. (some col.) ;
Dimensions 29 cm.
500 ## - GENERAL NOTE
General note Includes index.
650 #0 - SUBJECT ADDED ENTRY--TOPICAL TERM
Topical term or geographic name as entry element Letterheads
General subdivision Design.
650 #0 - SUBJECT ADDED ENTRY--TOPICAL TERM
Topical term or geographic name as entry element Business cards
General subdivision Design.
700 1# - ADDED ENTRY--PERSONAL NAME
Personal name Martin, Diana,
Dates associated with a name 1956-
700 1# - ADDED ENTRY--PERSONAL NAME
Personal name Cropper, Mary,
Dates associated with a name 1955-
740 0# - ADDED ENTRY--UNCONTROLLED RELATED/ANALYTICAL TITLE
Uncontrolled related/analytical title Fresh ideas in letterhead and business card design.
942 ## - ADDED ENTRY ELEMENTS (KOHA)
Source of classification or shelving scheme
Koha item type Hard Covered Materials
Holdings
Withdrawn status Lost status Source of classification or shelving scheme Damaged status Not for loan Home library Current library Shelving location Date acquired Source of acquisition Total Checkouts Full call number Barcode Date last seen Price effective from Koha item type
          MACHAKOS UNIVERSITY LIBRARY MACHAKOS UNIVERSITY LIBRARY Open shelf 06/02/2017 Donation(BFA)   NC1002.L47F74 1993 34328 06/02/2017 06/02/2017 Hard Covered Materials
© Machakos University Library, Along The Highway, Machakos Wote Rd, Machakos, Kenya P.O. Box 136 - 90100 Machakos - Kenya

Tel: ( +254 ) 723 805829 OR Fax : 044-20353 OR Email: library@mksu.ac.ke